000 00681nam a2200265Ia 4500
003 OSt
005 20220918201433.0
006 a|||||r|||| 00| 0
007 ta
008 220917b |||||||| |||| 00| 0 eng d
024 _a93,947
037 _cTextual
040 _aARTS
_cARTS
_beng
041 _2eng
_aeng
082 _aV2.C9, L3;9
100 _aThapar Romila
245 0 _aAshok and the decline of the Mauryas
250 _a2nd
260 _aDelhi
_bOxford University Press
_c1973
300 _a285p.
_ccm.
500 _aBibliography p273--278
650 _aHISTORY
942 _hV2.C9, L3;9
_cTEXL
_2CC
999 _c217586
_d217586